| 000 -LEADER |
| fixed length control field |
01248cam a2200301 a 4500 |
| 003 - CONTROL NUMBER IDENTIFIER |
| control field |
OSt |
| 005 - DATE AND TIME OF LATEST TRANSACTION |
| control field |
20210223171632.0 |
| 008 - FIXED-LENGTH DATA ELEMENTS--GENERAL INFORMATION |
| fixed length control field |
980526s1999 enka b 001 0 eng |
| 010 ## - LIBRARY OF CONGRESS CONTROL NUMBER |
| LC control number |
98024528 |
| 020 ## - INTERNATIONAL STANDARD BOOK NUMBER |
| International Standard Book Number |
041517242X |
| 043 ## - GEOGRAPHIC AREA CODE |
| Geographic area code |
d------ |
| 050 00 - LIBRARY OF CONGRESS CALL NUMBER |
| Classification number |
HD7391 |
| Item number |
.H667 1999 |
| 082 00 - DEWEY DECIMAL CLASSIFICATION NUMBER |
| Classification number |
363.5/8/091724 |
| Edition number |
21 |
| 245 00 - TITLE STATEMENT |
| Title |
Housing and finance in developing countries / |
| Statement of responsibility, etc |
edited by Kavita Datta and Gareth A. Jones. |
| 260 ## - PUBLICATION, DISTRIBUTION, ETC. (IMPRINT) |
| Place of publication, distribution, etc |
London ; |
| -- |
New York : |
| Name of publisher, distributor, etc |
Routledge, |
| Date of publication, distribution, etc |
1999. |
| 300 ## - PHYSICAL DESCRIPTION |
| Extent |
xxiii, 270 p. : |
| Other physical details |
ill. ; |
| Dimensions |
24 cm. |
| 440 #0 - SERIES STATEMENT/ADDED ENTRY--TITLE |
| Title |
Routledge studies in development and society ; |
| Volume number/sequential designation |
7 |
| 504 ## - BIBLIOGRAPHY, ETC. NOTE |
| Bibliography, etc |
Includes bibliographical references (p. 247-263) and index. |
| 650 #0 - SUBJECT ADDED ENTRY--TOPICAL TERM |
| Topical term or geographic name as entry element |
Housing |
| Geographic subdivision |
Developing countries |
| General subdivision |
Finance |
| -- |
Case studies. |
| 650 #0 - SUBJECT ADDED ENTRY--TOPICAL TERM |
| Topical term or geographic name as entry element |
Housing policy |
| Geographic subdivision |
Developing countries |
| General subdivision |
Case studies. |
| 700 1# - ADDED ENTRY--PERSONAL NAME |
| Personal name |
Datta, Kavita, |
| Dates associated with a name |
1966- |
| 700 1# - ADDED ENTRY--PERSONAL NAME |
| Personal name |
Jones, Gareth A., |
| Dates associated with a name |
1964- |
| 856 7# - ELECTRONIC LOCATION AND ACCESS |
| Materials specified |
Table of contents only |
| Uniform Resource Identifier |
<a href="http://lcweb.loc.gov/catdir/toc/98-24528.html">http://lcweb.loc.gov/catdir/toc/98-24528.html</a> |
| Access method |
http |
| 856 42 - ELECTRONIC LOCATION AND ACCESS |
| Materials specified |
Publisher description |
| Uniform Resource Identifier |
<a href="http://www.loc.gov/catdir/enhancements/fy0649/98024528-d.html">http://www.loc.gov/catdir/enhancements/fy0649/98024528-d.html</a> |
| 906 ## - LOCAL DATA ELEMENT F, LDF (RLIN) |
| a |
7 |
| b |
cbc |
| c |
orignew |
| d |
1 |
| e |
ocip |
| f |
19 |
| g |
y-gencatlg |
| 942 ## - ADDED ENTRY ELEMENTS (KOHA) |
| Source of classification or shelving scheme |
|
| 955 ## - COPY-LEVEL INFORMATION (RLIN) |
| Classification number, CCAL (RLIN) |
pc19 to sa00 05-26-98; se20 05-27-98; se10 05-27-98; se50 05-28-98; CIP ver. se45 02-03-99 |